| 000 | 01132cam a22003135i 4500 | ||
|---|---|---|---|
| 999 |
_c28618 _d28589 |
||
| 001 | 16085051 | ||
| 003 | EG-ScBUE | ||
| 005 | 20200830161045.0 | ||
| 008 | 100204s2011 nyua f b 001 0 eng d | ||
| 020 | _a9781439059623 (pbk., intl. ed.) | ||
| 020 | _a1439059624 (pbk., intl. ed.) | ||
| 035 | _a(OCoLC)ocn555687793 | ||
| 040 |
_aYDXCP _beng _erda _cYDXCP _dUPM _dZ5U _dY8N _dDLC _dEG-ScBUE |
||
| 082 | 0 | 4 |
_a692.5 _bPRA _222 |
| 100 | 1 |
_aPratt, David J., _d1946- _eauthor. |
|
| 245 | 0 | 0 |
_aFundamentals of construction estimating / _cDavid J. Pratt. |
| 250 | _aThird edition. | ||
| 264 | 1 |
_aNew York : _bDelmar, _c2011. |
|
| 300 |
_axiv, 482 pages : _billustrations ; _c29 cm |
||
| 336 |
_atext _btxt _2rdacontent |
||
| 337 |
_aunmediated _bn _2rdamedia |
||
| 338 |
_avolume _bnc _2rdacarrier |
||
| 500 | _aIncludes index. | ||
| 538 | _aSystem requirements: PC with Windows XP w/ SP2, Vista 7; hard drive 200 MB, 8x CD-ROM or DVD-ROM drive; sound card and Internet connection. | ||
| 650 | 7 |
_aBuilding _xEstimates. _2BUEsh |
|
| 650 | 7 |
_aBuilding _xEstimates _xData processing. _2BUEsh |
|
| 653 |
_bENGGEN _cAugust2020 |
||
| 942 |
_2ddc _cBB |
||